Music Quiz

Random Music or Lyrics Quiz

Beatles Song Titles in Other Songs Quiz Stats

Quiz Updated May 5, 2013

Challenge
Share
Tweet
Embed
Score 0/32 Timer 08:00
4 Plays Today
% Correct
Good Night
87.2%
Revolution
85%
Come Together
83.2%
Because
81.5%
All My Loving
81.4%
Something
79.7%
Get Back
79.3%
Misery
78.8%
Blackbird
76%
I Should Have Known Better
75.6%
Birthday
75.2%
Getting Better
73.5%
Yesterday
73.4%
In My Life
73.2%
Run for Your Life
71.5%
Hold Me Tight
70.1%
% Correct
Helter Skelter
67.9%
I Want to Tell You
67.3%
For No One
63.9%
No Reply
60.4%
I Call Your Name
59.1%
Things We Said Today
58.1%
Every Little Thing
53.3%
Two of Us
50%
The Night Before
49.9%
Tell Me What You See
49.4%
Let It Be
47.5%
It Won't Be Long
45.7%
A Day in the Life
44.6%
Tell Me Why
42.8%
I Feel Fine
42.7%
From Me to You
42.5%

You're not logged in!

Compare scores with friends on all Sporcle quizzes.
Join for Free
OR
Log In

You Might Also Like...

Show Comments

Extras

Top Quizzes Today


Score Distribution

Your Account Isn't Verified!

In order to create a playlist on Sporcle, you need to verify the email address you used during registration. Go to your Sporcle Settings to finish the process.

Report this User

Report this user for behavior that violates our Community Guidelines.

Details: